| 000 | 00732nam a22002537a 4500 | ||
|---|---|---|---|
| 003 | UA-OsUOA | ||
| 001 | 80093 | ||
| 007 | ta | ||
| 008 | 20111128b un ||||| |||| 00| 0 ukr d | ||
| 100 | _aБім І. | ||
| 090 |
_a811.112.2 _bБ67 |
||
| 942 | _cBK | ||
| 040 |
_aUA-OsUOA _bukr _cUA-OsUOA _dUA-OsUOA |
||
| 245 |
_aНімецька мова _bнавч. посібник для 10 кл. серед. шк. |
||
| 300 | _a223 с. | ||
| 955 | _a2 | ||
| 041 | _aukr | ||
| 080 | _a811.112.2 | ||
| 020 | _a5-330-00083-1 | ||
| 260 |
_aК. _bРад. шк. _c1989 |
||
| 250 | _n2-ге вид. | ||
| 650 | 7 |
_a8 Мовознавство. Художня література. Літературознавство _2UDC |
|
| 999 |
_c366411 _d366411 |
||